000 00609nam a2200217Ii 4500
003 JO-AjNU
008 230606s9999||||xx |||||||||||||| ||und||
020 _a0273-65536-1
040 _aJO-AjNU
_beng
_erda
_cJO-AjNU
041 _aeng
050 1 4 _aQA76.6.D468.2004
100 3 _awakefield,Tony/Yeates,Donald,
_eauthor
_9587
245 0 0 _aSYSTEM Analysis and Design
250 _a2 ed
264 3 1 _aNEW JERSEY:printic hall,2004
300 _a482p
336 _atext
_btxt
_2rdacontent
337 _aunmediated
_bn
_2rdamedia
338 _avolume
_bnc
_2rdacarrier
650 4 _aComputer architecture. 
_9588
999 _aE310
_c310
_d310